000
00283nam a22000857a 4500
008
250519b ||||| |||| 00| 0 eng d
100
_a
Lindberg, Ulla
245
_a
Nordens Aerogram: AerogramI Sverige Danmark, Finland, Island och Norge
650
_a
Aerogram| Sweden| Denmark| Finland| Icland
999
_c
3664
_d
3664